<?xml version="1.0" encoding="UTF-8"?><?xml-stylesheet type="text/xsl" href="static/style.xsl"?><OAI-PMH xmlns="http://www.openarchives.org/OAI/2.0/" xmlns:xsi="http://www.w3.org/2001/XMLSchema-instance" xsi:schemaLocation="http://www.openarchives.org/OAI/2.0/ http://www.openarchives.org/OAI/2.0/OAI-PMH.xsd"><responseDate>2026-06-05T00:33:11Z</responseDate><request verb="GetRecord" identifier="oai:riuma.uma.es:10630/45932" metadataPrefix="marc">https://riuma.uma.es/rest/oai/request</request><GetRecord><record><header><identifier>oai:riuma.uma.es:10630/45932</identifier><datestamp>2026-03-07T00:46:15Z</datestamp><setSpec>com_10630_2254</setSpec><setSpec>col_10630_37953</setSpec></header><metadata><record xmlns="http://www.loc.gov/MARC21/slim" xmlns:dcterms="http://purl.org/dc/terms/" xmlns:doc="http://www.lyncode.com/xoai" xmlns:xsi="http://www.w3.org/2001/XMLSchema-instance" xsi:schemaLocation="http://www.loc.gov/MARC21/slim http://www.loc.gov/standards/marcxml/schema/MARC21slim.xsd">
   <leader>00925njm 22002777a 4500</leader>
   <datafield ind2=" " ind1=" " tag="042">
      <subfield code="a">dc</subfield>
   </datafield>
   <datafield ind2=" " ind1=" " tag="720">
      <subfield code="a">Robustillo, M. Carmen</subfield>
      <subfield code="e">author</subfield>
   </datafield>
   <datafield ind2=" " ind1=" " tag="720">
      <subfield code="a">Senger, Diren</subfield>
      <subfield code="e">author</subfield>
   </datafield>
   <datafield ind2=" " ind1=" " tag="720">
      <subfield code="a">Parra, M. Isabel</subfield>
      <subfield code="e">author</subfield>
   </datafield>
   <datafield ind2=" " ind1=" " tag="720">
      <subfield code="a">Pérez, Carlos J.</subfield>
      <subfield code="e">author</subfield>
   </datafield>
   <datafield ind2=" " ind1=" " tag="260">
      <subfield code="c">2026-05</subfield>
   </datafield>
   <datafield ind2=" " ind1=" " tag="520">
      <subfield code="a">The global decline in bee populations poses a critical threat to biodiversity and ecosystem stability, motivating the adoption of precision beekeeping strategies that combine sensor networks with data-driven models to optimise hive management and reduce colony losses. This study introduces a multivariate autoregressive multilayer perceptron (AMLP) model that integrates historical internal hive variables (temperatures, weight, humidity, and pressure) with external climatological data to forecast future states of these endogenous variables. Data were collected from 13 sensor-equipped hives of the BeeObserver project. The AMLP was evaluated against a standard multilayer perceptron (MLP) and a vector autoregressive (VAR) model using 10-fold rolling-window cross-validation. Forecast performance was assessed using two different error metrics for 1- and 3-day horizons. Across all hives, the AMLP reduced the mean percentage error by approximately 6%–7% relative to the MLP and up to 1.3% relative to the VAR, achieving superior predictive accuracy, with statistically significant improvements for most internal variables. By combining autoregressive lags with neural network flexibility, the AMLP captures both temporal dependencies and specific patterns while supporting incremental retraining as new data arrive. This approach provides scalable, adaptive, and real-time prediction of hive dynamics, offering a robust tool for proactive decision-making in precision beekeeping. The results demonstrate that integrating temporal and environmental information through AMLP models enhances predictive accuracy and supports timely interventions, ultimately improving colony health and resilience. These findings highlight the potential of advanced data-driven forecasting models to strengthen sustainable apiculture practices and contribute to the conservation of bee populations.</subfield>
   </datafield>
   <datafield ind1="8" ind2=" " tag="024">
      <subfield code="a">Robustillo, M. Carmen, Senger, Diren, Parra, M. Isabel, Pérez, Carlos J. (2026). A multivariate autoregressive multilayer perceptron model for predicting internal beehive conditions from sensor data.   Computers and Electronics in Agriculture. ELsevier, Vol.  246, May,  DOI 10.1016/j.compag.2026.111593</subfield>
   </datafield>
   <datafield ind1="8" ind2=" " tag="024">
      <subfield code="a">https://hdl.handle.net/10630/45932</subfield>
   </datafield>
   <datafield ind1="8" ind2=" " tag="024">
      <subfield code="a">10.1016/j.compag.2026.111593</subfield>
   </datafield>
   <datafield tag="653" ind2=" " ind1=" ">
      <subfield code="a">Redes neuronales (Informática)</subfield>
   </datafield>
   <datafield tag="653" ind2=" " ind1=" ">
      <subfield code="a">Apicultura</subfield>
   </datafield>
   <datafield ind2="0" ind1="0" tag="245">
      <subfield code="a">A multivariate autoregressive multilayer perceptron model for predicting internal beehive conditions from sensor data</subfield>
   </datafield>
</record>
</metadata></record></GetRecord></OAI-PMH>